|
|
|
|
| LEADER |
00000nam0a2200000 4500 |
| 001 |
255618 |
| 005 |
20231101233036.0 |
| 010 |
|
|
|a 5020032123
|
| 035 |
|
|
|a (RuTPU)RU\TPU\book\278134
|
| 090 |
|
|
|a 255618
|
| 100 |
|
|
|a 20140331d1989 k y0rusy50 ca
|
| 101 |
0 |
|
|a rus
|
| 102 |
|
|
|a RU
|
| 105 |
|
|
|a a z 001zy
|
| 200 |
1 |
|
|a Пирофиллитовое сырье палеовулканических областей
|f В. В. Зайков, Г. Г. Кораблев, В. Н. Удачин
|g Академия наук СССР (АН СССР), Уральское отделение (УрО), Институт минералогии (ИМ) ; под ред. В. А. Коротеева
|
| 210 |
|
|
|a Москва
|c Наука
|d 1989
|
| 215 |
|
|
|a 128 с.
|c ил.
|
| 320 |
|
|
|a Библиогр.: с. 122-126.
|
| 606 |
1 |
|
|a Кианитовые месторождения
|2 stltpush
|3 (RuTPU)RU\TPU\subj\14299
|9 40738
|
| 610 |
1 |
|
|a вулканические породы
|
| 610 |
1 |
|
|a палеовулканизм
|
| 610 |
1 |
|
|a пирофиллит
|
| 610 |
1 |
|
|a сырье
|
| 610 |
1 |
|
|a месторождения
|
| 675 |
|
|
|a 553.61
|v 3
|
| 700 |
|
1 |
|a Зайков
|b В. В.
|g Виктор Владимирович
|
| 701 |
|
1 |
|a Кораблев
|b Г. Г.
|g Георгий Геннадьевич
|
| 701 |
|
1 |
|a Удачин
|b В. Н.
|g Валерий Николаевич
|
| 702 |
|
1 |
|a Коротеев
|b В. А.
|4 340
|
| 712 |
0 |
2 |
|a Академия наук СССР (АН СССР)
|b Уральское отделение (УрО)
|b Институт минералогии (ИМ)
|c (Миасс)
|2 stltpush
|3 (RuTPU)RU\TPU\col\17645
|
| 801 |
|
1 |
|a RU
|b 63413507
|c 20140331
|
| 801 |
|
2 |
|a RU
|b 63413507
|c 20140701
|g RCR
|
| 942 |
|
|
|c BK
|